Leyendas de Galicia y otros temas narrativos / (Record no. 51098)

MARC details
000 -LEADER
campo de control de longitud fija 00501nam a2200157 i 4500
001 - NÚMERO DE CONTROL
campo de control 51098
003 - IDENTIFICADOR DE NÚMERO DE CONTROL
campo de control ES-MaACL
007 - CAMPO FIJO DE DESCRIPCIÓN FÍSICA--INFORMACIÓN GENERAL
campo de control de longitud fija t|
008 - DATOS DE LONGITUD FIJA--INFORMACIÓN GENERAL
campo de control de longitud fija 030808s1981 sp ||||1| spa d
100 1# - ENTRADA PRINCIPAL--NOMBRE DE PERSONA
Nombre de persona Chao Espina, Enrique.
9 (RLIN) 37996
245 10 - MENCIÓN DEL TÍTULO
Título Leyendas de Galicia y otros temas narrativos /
Mención de responsabilidad, etc. por Enrique Chao Espina.
260 ## - PUBLICACIÓN, DISTRIBUCIÓN, ETC.
Lugar de publicación, distribución, etc. [S.l. :
Nombre del editor, distribuidor, etc. s.n.,
Fecha de publicación, distribución, etc. 1981] (
Lugar de fabricación/manufactura Ortigueira :
Fabricante Imp. Fojo)
300 ## - DESCRIPCIÓN FÍSICA
Extensión 154 p., 62 h. :
Otras características físicas il. ;
Dimensiones 22 cm.
852 ## - LOCALIZACIÓN
Ubicación ES-MaACL
Número de control de estantería L-929
Sublocalización o colección R.101445
852 ## - LOCALIZACIÓN
Ubicación ES-MaACL
Número de control de estantería L-683
Sublocalización o colección R.101446
Holdings
Estatus retirado Estado de pérdida Estado de daño No para préstamo Biblioteca de origen Biblioteca actual Ubicación en estantería Fecha de adquisición Fuente de adquisición Total de préstamos Signatura topográfica completa Código de barras Visto por última vez Precio de reemplazo Tipo de ítem Koha
        Biblioteca del Ateneo de Madrid Biblioteca del Ateneo de Madrid Depósito 2 17/01/2008     L-683 1053739 23/02/2023 23/02/2023 Libro impreso
        Biblioteca del Ateneo de Madrid Biblioteca del Ateneo de Madrid Depósito 2 17/01/2008     L-929 1053738 23/02/2023 23/02/2023 Libro impreso